01002cam a22002291 4500001001300000003000400013005001700017008004100034010001700075040001800092043001200110050001900122110004900141245004100190260010600231300003700337500001700374500006300391500022000454651004100674651005700715sa 68004589 DLC20260227112502.0711108s1961 ii 000 0 eng  asa 68004589  aDLCcDLCdDLC aa-ii---00aHC437.M3bA5461 aMadras (India : State).bFinance Department.10aReview of the second five year plan. aMadras,bPrinted by the Controller of Stationary and Print., on behalf of the Govt. of Madras,c1961. aii, iii, 173, 764-787 p.c34 cm. aCover title. aAt head of title: Finance (Planning and Development) Dept. aAppendices (P. 764-787):--I. Statement showing the appropriations made and the expenditure incurred on schemes included in the second five-year plan, 1956-61.--II. Abstract of the Madras State second five-year plan. 0aTamil Nadu (India)xEconomic policy. 0aTamil Nadu (India)xAppropriations and expenditures.